Yakhana āmi rāṇī chilāma. (Record no. 84598)

MARC details
000 -LEADER
fixed length control field 00816cam a22002651 4500
001 - CONTROL NUMBER
control field sa 68012585
003 - CONTROL NUMBER IDENTIFIER
control field DLC
005 - DATE AND TIME OF LATEST TRANSACTION
control field 20260227112611.0
008 - FIXED-LENGTH DATA ELEMENTS--GENERAL INFORMATION
fixed length control field 941027s1965 ii 000 0 beno
010 ## - LIBRARY OF CONGRESS CONTROL NUMBER
LC control number sa 68012585
025 ## - OVERSEAS ACQUISITION NUMBER
Overseas acquisition number PL480:EP-B-949
035 ## - SYSTEM CONTROL NUMBER
System control number (OCoLC)31368365
040 ## - CATALOGING SOURCE
Original cataloging agency DLC
Transcribing agency CU
Modifying agency CU
-- DLC
042 ## - AUTHENTICATION CODE
Authentication code premarc
050 00 - LIBRARY OF CONGRESS CALL NUMBER
Classification number DS318.S6
Item number S5
100 1# - MAIN ENTRY--PERSONAL NAME
Personal name Siddikī, Ānisa,
Dates associated with a name 1935-
245 10 - TITLE STATEMENT
Title Yakhana āmi rāṇī chilāma.
260 ## - PUBLICATION, DISTRIBUTION, ETC.
Date of publication, distribution, etc. [1965]
300 ## - PHYSICAL DESCRIPTION
Extent 152 p.
Dimensions 22 cm.
500 ## - GENERAL NOTE
General note In Bengali.
500 ## - GENERAL NOTE
General note "Written by [the author] in the form of an autobiography of the ex-queen of Iran." Cf. author's letter, March 25, 1968.
500 ## - GENERAL NOTE
General note Includes some articles by Princess Soraya.
600 00 - SUBJECT ADDED ENTRY--PERSONAL NAME
Personal name Soraya,
Titles and other words associated with a name Princess,
Dates associated with a name 1932-2001.
700 0# - ADDED ENTRY--PERSONAL NAME
Personal name Soraya,
Titles and other words associated with a name Princess,
Dates associated with a name 1932-2001.

No items available.

Powered by Koha